1982 1963 1270 1344 1744 1194 1369 1750 1296 1826 1202 1470 1800 1926 1919 1364 1018 1511 1368 1098 1886 1635 1308 1506 1508 1785 1800 1166 1304 1694 1315 1122 1384 1622 1488 1864 1012 1628 1884 1926 1466 1101 1965 1866 1360 1492 1618 1009 1247 1754 1350 1109 1117 1684 1872 1392 1320 1602 1761 1554 1027 1796 1659 1647 1435 1642 1019 1149 1488 1136 1443 1696 1021 1047 1766 1902 1646 1438 1502 1210 1487 1724 1603 1642 1706 1451 1307 1911 1446 1109 1558 1005 1708 1508 1529 1148 1570 1522 1744 BCNSPRNW ULIB Ver.6.0+V

เปลี่ยนเป็นภาษาไทย

Change to English
 แสดงรายละเอียดบรรณานุกรม
  กลับหน้าหลัก

Brief Record : Get Marc (ISO 2709) : E-mail record : QR code < ปิดหน้าต่าง
LEADER : 00000nam 2200000uu 4500
001    13399112936
003     ULIB
008    110919s2546||||th 000 0 tha d
020    9749553632
050  4 LB2322^bป373ป 2546
110 2  สำนักมาตรฐานอุดมศึกษา
245 10 ประมวลศัพท์บัญญัติอุดมศึกษา /^cสำนักมาตรฐานอุดมศึกษา สำนักงานปลัดทบวงมหาวิทยาลัย
250    พิมพ์ครั้งที่ 1
260    กรุงเทพฯ :^bสำนักมาตรฐานอุดมศึกษา,^c2546
300    166 หน้า ;^c22 ซม.
650  4 การศึกษาขั้นอุดมศึกษา^vพจนานุกรม
650  4 ศัพท์บัญญัติ^xการศึกษาขั้นอุดมศึกษา
945    ^p0^l0^i016537
995    ทศพร
999 ^a ทศพร
รายการนี้ยังไม่มีแท็ก
คุณยังไม่ได้ล็อกอิน คุณสามารถมีกิจกรรมร่วมกับเว็บไซต์ได้ แต่ต้องล็อกอินก่อน ::
  ล็อกอิน

รายการสื่อสารสนเทศ

ลำดับที่ ประเภท เลขเรียก/บาร์โค้ด สถานที่ สถานะ
- ไม่พบข้อมูล -

BibComment


ยังไม่เคยถูกคอมเมนท์

คอมเมนท์ทรัพยากรรายการนี้
  คอมเมนท์: ประมวลศัพท์บัญญัต..


 Copyright 2026. Bcnsprnw @Library